A new history of Shinto (Record no. 242030)

MARC details
000 -LEADER
fixed length control field 00628nam a2200205Ia 4500
008 - FIXED-LENGTH DATA ELEMENTS--GENERAL INFORMATION
fixed length control field 191130s2010##################000#0#eng##
020 ## - INTERNATIONAL STANDARD BOOK NUMBER
ISBN 9781405155168
082 ## - DEWEY DECIMAL CLASSIFICATION NUMBER
Classification number 299.561 BRE
100 ## - MAIN ENTRY--AUTHOR NAME
Personal name Breen, John
245 ## - TITLE STATEMENT
Title A new history of Shinto
Statement of responsibility, etc John Breen and Mark Teeuwen
260 ## - PUBLICATION, DISTRIBUTION, ETC. (IMPRINT)
Place of publication Chichester, U.K. ; Malden, MA
Name of publisher Wiley-Blackwell
Year of publication c2010
300 ## - PHYSICAL DESCRIPTION
Number of Pages x, 264 p. : ill., maps ; 22 cm.
500 ## - GENERAL NOTE
General note Includes bibliographical references and index
650 ## - SUBJECT ADDED ENTRY--TOPICAL TERM
Topical Term Shinto - History
700 ## - ADDED ENTRY--PERSONAL NAME
Personal name Teeuwen, Mark
991 ## -
-- 236611
Holdings
Withdrawn status Lost status Damaged status Not for loan Home library Current library Shelving location Date acquired Full call number Accession Number Price effective from Koha item type
        Anna Centenary Library Anna Centenary Library 3RD FLOOR, B WING 13.10.2020 299.561 BRE 131251 13.10.2020 English Books

Find us on the map